[Event "DVM U20 2020"]
[Site "Willingen GER"]
[Date "2021.06.24"]
[Round "2"]
[White "Schmider, Niklas"]
[Black "Kracht, Raphael"]
[Result "1-0"]
[Termination "normal"]
[Board "2.1"]
[WhiteTitle "FM"]
[WhiteElo "2303"]
[BlackElo "2109"]
[WhiteClock "00:25:44"]
[BlackClock "00:01:17"]
[WhiteTeam "OSG Baden-Baden"]
[BlackTeam "Schachfreunde Brackel 1930 e. V."]
[PlyCount "57"]
[WhiteFideId "12993778"]
[BlackFideId "16214382"]
[EventCountry "GER"]
[EventRounds "7"]
[EventType "team-swiss"]
[EventDate "2021.06.23"]

1. e4 {[%clk 01:30:58]} {[%emt 00:00:01]} e5 {[%clk 01:30:56]} {[%emt
00:00:05]} 2. Nf3 {[%clk 01:31:16]} {[%emt 00:00:12]} Nc6 {[%clk 01:31:23]}
{[%emt 00:00:03]} 3. Bb5 {[%clk 01:31:40]} {[%emt 00:00:06]} Nf6 {[%clk
01:31:50]} {[%emt 00:00:04]} 4. d3 {[%clk 01:32:03]} {[%emt 00:00:06]} Bc5
{[%clk 01:32:15]} {[%emt 00:00:05]} 5. c3 {[%clk 01:32:00]} {[%emt 00:00:32]}
O-O {[%emt 00:00:07]} 6. Bg5 {[%clk 01:32:03]} {[%emt 00:00:25]} h6 {[%clk
01:28:46]} {[%emt 00:04:25]} 7. Bh4 {[%clk 01:32:22]} {[%emt 00:00:10]} g5
{[%clk 01:21:46]} {[%emt 00:07:30]} 8. Bg3 {[%clk 01:31:55]} {[%emt 00:00:58]}
d6 {[%clk 01:21:39]} {[%emt 00:00:36]} 9. O-O {[%clk 01:30:48]} {[%emt
00:01:36]} Bg4 {[%clk 01:20:29]} {[%emt 00:01:42]} 10. Nbd2 {[%clk 01:18:39]}
{[%emt 00:12:39]} Ne7 {[%clk 01:14:44]} {[%emt 00:06:15]} 11. Qc2 {[%clk
01:14:26]} {[%emt 00:04:42]} a6 {[%clk 01:07:06]} {[%emt 00:08:08]} 12. Ba4
{[%clk 01:14:14]} {[%emt 00:00:42]} Ng6 {[%clk 01:03:11]} {[%emt 00:04:26]} 13.
d4 {[%clk 01:12:51]} {[%emt 00:01:52]} exd4 {[%clk 01:02:57]} {[%emt 00:00:45]}
14. cxd4 {[%clk 01:12:29]} {[%emt 00:00:51]} Ba7 {[%clk 01:02:40]} {[%emt
00:00:47]} 15. Bb3 {[%clk 01:09:49]} {[%emt 00:03:10]} Nh5 {[%clk 01:00:11]}
{[%emt 00:02:59]} 16. Rfe1 {[%clk 01:08:02]} {[%emt 00:02:17]} Bxf3 {[%clk
00:37:08]} {[%emt 00:23:34]} 17. Nxf3 {[%clk 01:08:22]} {[%emt 00:00:09]} g4
{[%clk 00:36:48]} {[%emt 00:00:51]} 18. e5 {[%clk 01:06:53]} {[%emt 00:01:59]}
Kg7 {[%clk 00:29:51]} {[%emt 00:07:26]} 19. Qf5 {[%clk 00:54:37]} {[%emt
00:12:46]} gxf3 {[%clk 00:29:28]} {[%emt 00:00:53]} 20. Qxh5 {[%clk 00:55:00]}
{[%emt 00:00:07]} fxg2 {[%clk 00:26:41]} {[%emt 00:03:18]} 21. exd6 {[%clk
00:47:39]} {[%emt 00:07:51]} cxd6 {[%clk 00:26:29]} {[%emt 00:00:41]} 22. Re4
{[%clk 00:47:12]} {[%emt 00:00:57]} f5 {[%clk 00:12:14]} {[%emt 00:14:46]} 23.
Re6 {[%clk 00:38:02]} {[%emt 00:09:39]} Rf6 {[%clk 00:09:43]} {[%emt 00:03:01]}
24. Rae1 {[%clk 00:35:29]} {[%emt 00:03:02]} f4 {[%clk 00:05:10]} {[%emt
00:05:04]} 25. Bh4 {[%clk 00:28:13]} {[%emt 00:07:47]} Bxd4 {[%clk 00:01:16]}
{[%emt 00:04:25]} 26. Re7+ {[%clk 00:24:45]} {[%emt 00:03:57]} Nxe7 {[%clk
00:01:07]} {[%emt 00:00:39]} 27. Bxf6+ {[%clk 00:24:58]} {[%emt 00:00:17]} Bxf6
{[%clk 00:00:49]} {[%emt 00:00:48]} 28. Qf7+ {[%clk 00:25:22]} {[%emt
00:00:06]} Kh8 {[%clk 00:01:17]} {[%emt 00:00:02]} 29. Qxf6+ {[%clk 00:25:44]}
{[%emt 00:00:07]} 1-0

[Event "DVM U20 2020"]
[Site "Willingen GER"]
[Date "2021.06.24"]
[Round "2"]
[White "Wu, Luka"]
[Black "Kartsev, Nikolay"]
[Result "1-0"]
[Termination "normal"]
[Board "2.3"]
[WhiteElo "2065"]
[BlackElo "2043"]
[WhiteClock "00:29:10"]
[BlackClock "00:01:35"]
[WhiteTeam "OSG Baden-Baden"]
[BlackTeam "Schachfreunde Brackel 1930 e. V."]
[PlyCount "161"]
[WhiteFideId "12977420"]
[BlackFideId "12939536"]
[EventCountry "GER"]
[EventRounds "7"]
[EventType "team-swiss"]
[EventDate "2021.06.23"]

1. e4 {[%clk 01:30:57]} {[%emt 00:00:02]} e5 {[%clk 01:30:24]} {[%emt
00:00:36]} 2. Nf3 {[%clk 01:31:22]} {[%emt 00:00:07]} Nf6 {[%clk 01:30:47]}
{[%emt 00:00:04]} 3. Nxe5 {[%clk 01:31:38]} {[%emt 00:00:17]} d6 {[%clk
01:31:13]} {[%emt 00:00:03]} 4. Nf3 {[%clk 01:32:01]} {[%emt 00:00:07]} Nxe4
{[%clk 01:31:39]} {[%emt 00:00:05]} 5. d4 {[%clk 01:32:26]} {[%emt 00:00:06]}
d5 {[%clk 01:32:03]} {[%emt 00:00:05]} 6. Bd3 {[%clk 01:32:51]} {[%emt
00:00:04]} Bd6 {[%clk 01:32:27]} {[%emt 00:00:06]} 7. O-O {[%clk 01:33:07]}
{[%emt 00:00:15]} O-O {[%clk 01:32:48]} {[%emt 00:00:09]} 8. c4 {[%clk
01:33:13]} {[%emt 00:00:24]} c6 {[%clk 01:33:12]} {[%emt 00:00:04]} 9. Nc3
{[%clk 01:33:34]} {[%emt 00:00:10]} Nxc3 {[%clk 01:32:48]} {[%emt 00:00:53]}
10. bxc3 {[%clk 01:33:59]} {[%emt 00:00:05]} Bg4 {[%clk 01:30:14]} {[%emt
00:03:06]} 11. h3 {[%clk 01:31:46]} {[%emt 00:02:42]} Bh5 {[%clk 01:28:48]}
{[%emt 00:01:55]} 12. cxd5 {[%clk 01:24:14]} {[%emt 00:08:02]} cxd5 {[%clk
01:29:02]} {[%emt 00:00:17]} 13. Kh1 {[%clk 01:13:29]} {[%emt 00:11:15]} Nd7
{[%clk 01:24:15]} {[%emt 00:05:15]} 14. Rb1 {[%clk 01:09:54]} {[%emt 00:04:05]}
Bg6 {[%clk 00:59:02]} {[%emt 00:25:44]} 15. Re1 {[%clk 00:50:15]} {[%emt
00:20:09]} Qc7 {[%clk 00:55:00]} {[%emt 00:04:33]} 16. Bxg6 {[%clk 00:44:57]}
{[%emt 00:05:47]} hxg6 {[%clk 00:52:16]} {[%emt 00:03:13]} 17. Qb3 {[%clk
00:42:57]} {[%emt 00:02:31]} Nb6 {[%clk 00:43:51]} {[%emt 00:08:54]} 18. Ba3
{[%clk 00:42:05]} {[%emt 00:01:22]} Rac8 {[%clk 00:34:37]} {[%emt 00:09:43]}
19. Bxd6 {[%clk 00:39:49]} {[%emt 00:02:48]} Qxd6 {[%clk 00:34:56]} {[%emt
00:00:12]} 20. Ne5 {[%clk 00:37:59]} {[%emt 00:02:19]} Rc7 {[%clk 00:33:28]}
{[%emt 00:01:57]} 21. Re3 {[%clk 00:35:05]} {[%emt 00:03:25]} Re7 {[%clk
00:25:03]} {[%emt 00:08:53]} 22. Qb4 {[%clk 00:34:27]} {[%emt 00:01:09]} Qxb4
{[%clk 00:23:55]} {[%emt 00:01:39]} 23. Rxb4 {[%clk 00:34:44]} {[%emt
00:00:13]} Rfe8 {[%clk 00:22:19]} {[%emt 00:02:05]} 24. a4 {[%clk 00:33:01]}
{[%emt 00:02:14]} f6 {[%clk 00:13:17]} {[%emt 00:09:32]} 25. Ng4 {[%clk
00:32:06]} {[%emt 00:01:26]} Nc4 {[%clk 00:12:21]} {[%emt 00:01:25]} 26. Rxe7
{[%clk 00:29:23]} {[%emt 00:03:14]} Rxe7 {[%clk 00:12:50]} 27. Rb5 {[%clk
00:20:13]} {[%emt 00:09:39]} f5 {[%clk 00:11:25]} {[%emt 00:01:55]} 28. Ne5
{[%clk 00:20:35]} {[%emt 00:00:09]} Nxe5 {[%clk 00:11:46]} {[%emt 00:00:08]}
29. dxe5 {[%clk 00:21:01]} {[%emt 00:00:04]} Rxe5 {[%clk 00:12:08]} {[%emt
00:00:08]} 30. Rxb7 {[%clk 00:21:28]} {[%emt 00:00:03]} Re1+ {[%clk 00:12:00]}
{[%emt 00:00:38]} 31. Kh2 {[%clk 00:21:54]} {[%emt 00:00:04]} Rc1 {[%clk
00:12:06]} {[%emt 00:00:23]} 32. Rd7 {[%clk 00:22:04]} {[%emt 00:00:21]} Rxc3
{[%clk 00:10:57]} {[%emt 00:01:39]} 33. Rxd5 {[%clk 00:22:29]} {[%emt
00:00:06]} Rc6 {[%clk 00:09:36]} {[%emt 00:01:48]} 34. Kg3 {[%clk 00:20:14]}
{[%emt 00:02:48]} a6 {[%clk 00:05:38]} {[%emt 00:04:27]} 35. Kh4 {[%clk
00:15:12]} {[%emt 00:05:32]} Rc4+ {[%clk 00:02:25]} {[%emt 00:03:43]} 36. Kg5
{[%clk 00:15:38]} {[%emt 00:00:04]} Kh7 {[%clk 00:02:50]} {[%emt 00:00:05]} 37.
Ra5 {[%clk 00:15:36]} {[%emt 00:00:31]} Rc2 {[%clk 00:01:16]} {[%emt 00:02:04]}
38. Rxa6 {[%clk 00:15:58]} {[%emt 00:00:09]} Rxf2 {[%clk 00:01:30]} {[%emt
00:00:15]} 39. g4 {[%clk 00:14:36]} {[%emt 00:01:54]} f4 {[%clk 00:00:49]}
{[%emt 00:01:10]} 40. Ra8 {[%clk 00:13:47]} {[%emt 00:01:19]} f3 {[%clk
00:00:33]} {[%emt 00:00:46]} 41. Kf4 {[%clk 00:14:03]} {[%emt 00:00:14]} Rh2
{[%clk 00:22:31]} {[%emt 00:08:33]} 42. Kxf3 {[%clk 00:44:25]} {[%emt
00:00:07]} Rxh3+ {[%clk 00:22:56]} {[%emt 00:00:06]} 43. Kf4 {[%clk 00:43:04]}
{[%emt 00:01:50]} Rh1 {[%clk 00:22:23]} {[%emt 00:01:03]} 44. Rb8 {[%clk
00:42:20]} {[%emt 00:01:15]} Rf1+ {[%clk 00:18:58]} {[%emt 00:03:55]} 45. Kg5
{[%clk 00:42:37]} {[%emt 00:00:12]} Rf6 {[%clk 00:11:48]} {[%emt 00:07:39]} 46.
Re8 {[%clk 00:42:20]} {[%emt 00:00:47]} Ra6 {[%clk 00:09:15]} {[%emt 00:03:03]}
47. Re4 {[%clk 00:42:26]} {[%emt 00:00:25]} Rf6 {[%clk 00:09:12]} {[%emt
00:00:32]} 48. Re5 {[%clk 00:41:53]} {[%emt 00:01:04]} Kg8 {[%clk 00:06:32]}
{[%emt 00:03:23]} 49. Re4 {[%clk 00:39:25]} {[%emt 00:02:45]} Kh7 {[%clk
00:06:11]} {[%emt 00:00:51]} 50. a5 {[%clk 00:29:53]} {[%emt 00:10:01]} Kg8
{[%clk 00:05:25]} {[%emt 00:01:17]} 51. Ra4 {[%clk 00:30:04]} {[%emt 00:00:19]}
Ra6 {[%clk 00:05:49]} {[%emt 00:00:06]} 52. Kf4 {[%clk 00:30:27]} {[%emt
00:00:07]} Kf7 {[%clk 00:06:10]} {[%emt 00:00:07]} 53. Ke5 {[%clk 00:30:53]}
{[%emt 00:00:06]} Ke7 {[%clk 00:06:24]} {[%emt 00:00:16]} 54. g5 {[%clk
00:31:17]} {[%emt 00:00:06]} Kd7 {[%clk 00:05:56]} {[%emt 00:00:57]} 55. Kd5
{[%clk 00:31:11]} {[%emt 00:00:36]} Kc7 {[%clk 00:04:13]} {[%emt 00:02:11]} 56.
Kc5 {[%clk 00:29:53]} {[%emt 00:01:50]} Kb7 {[%clk 00:02:32]} {[%emt 00:02:10]}
57. Rb4+ {[%clk 00:26:16]} {[%emt 00:04:15]} Ka7 {[%clk 00:00:56]} {[%emt
00:02:07]} 58. Rb5 {[%clk 00:26:36]} {[%emt 00:00:02]} Ka8 {[%clk 00:00:56]}
{[%emt 00:00:30]} 59. Kd5 {[%clk 00:25:13]} {[%emt 00:01:54]} Ka7 {[%clk
00:01:05]} {[%emt 00:00:21]} 60. Ke5 {[%clk 00:25:21]} {[%emt 00:00:22]} Rc6
{[%clk 00:00:42]} {[%emt 00:00:53]} 61. Rd5 {[%clk 00:24:46]} {[%emt 00:01:04]}
Rc7 {[%clk 00:00:35]} {[%emt 00:00:38]} 62. Rd6 {[%clk 00:24:12]} {[%emt
00:01:03]} Rc5+ {[%clk 00:00:56]} {[%emt 00:00:09]} 63. Kf4 {[%clk 00:24:38]}
{[%emt 00:00:05]} Rxa5 {[%clk 00:01:14]} {[%emt 00:00:12]} 64. Rxg6 {[%clk
00:25:00]} {[%emt 00:00:07]} Kb7 {[%clk 00:01:21]} {[%emt 00:00:21]} 65. Rxg7+
{[%clk 00:25:18]} {[%emt 00:00:14]} Kc6 {[%clk 00:01:05]} {[%emt 00:00:46]} 66.
Kg4 {[%clk 00:25:05]} {[%emt 00:00:44]} Kd6 {[%clk 00:01:26]} {[%emt 00:00:09]}
67. Rf7 {[%clk 00:25:27]} {[%emt 00:00:08]} Ke6 {[%clk 00:00:57]} {[%emt
00:00:57]} 68. Rf6+ {[%clk 00:25:53]} {[%emt 00:00:06]} Ke7 {[%clk 00:01:17]}
{[%emt 00:00:11]} 69. Kh5 {[%clk 00:25:57]} {[%emt 00:00:25]} Ra1 {[%clk
00:00:35]} {[%emt 00:01:11]} 70. Kg6 {[%clk 00:26:02]} {[%emt 00:00:25]} Rg1
{[%clk 00:00:48]} {[%emt 00:00:16]} 71. Rf4 {[%clk 00:26:12]} {[%emt 00:00:21]}
Rg2 {[%clk 00:00:42]} {[%emt 00:00:36]} 72. Kh6 {[%clk 00:26:38]} {[%emt
00:00:05]} Rh2+ {[%clk 00:00:33]} {[%emt 00:00:39]} 73. Kg7 {[%clk 00:27:03]}
{[%emt 00:00:05]} Rg2 {[%clk 00:00:37]} {[%emt 00:00:26]} 74. g6 {[%clk
00:27:24]} {[%emt 00:00:09]} Rg1 {[%clk 00:00:37]} {[%emt 00:00:30]} 75. Re4+
{[%clk 00:27:33]} {[%emt 00:00:21]} Kd7 {[%clk 00:00:32]} {[%emt 00:00:32]} 76.
Kf7 {[%clk 00:27:51]} {[%emt 00:00:15]} Rf1 {[%clk 00:00:43]} {[%emt 00:00:18]}
77. Kg8 {[%clk 00:28:16]} {[%emt 00:00:05]} Rg1 {[%clk 00:00:56]} {[%emt
00:00:17]} 78. g7 {[%clk 00:28:42]} {[%emt 00:00:04]} Kd6 {[%clk 00:01:10]}
{[%emt 00:00:16]} 79. Kf7 {[%clk 00:28:53]} {[%emt 00:00:19]} Rf1+ {[%clk
00:01:23]} {[%emt 00:00:17]} 80. Kg6 {[%clk 00:28:46]} {[%emt 00:00:37]} Kd5
{[%clk 00:01:35]} {[%emt 00:00:18]} 81. Rg4 {[%clk 00:29:10]} {[%emt 00:00:07]}
1-0

[Event "DVM U20 2020"]
[Site "Willingen GER"]
[Date "2021.06.24"]
[Round "2"]
[White "Skabs, Denis"]
[Black "Wu, Leon"]
[Result "0-1"]
[Termination "normal"]
[Board "2.4"]
[WhiteElo "1939"]
[BlackElo "1981"]
[WhiteClock "00:07:49"]
[BlackClock "00:16:15"]
[WhiteTeam "Schachfreunde Brackel 1930 e. V."]
[BlackTeam "OSG Baden-Baden"]
[PlyCount "130"]
[WhiteFideId "16248449"]
[BlackFideId "12977438"]
[EventCountry "GER"]
[EventRounds "7"]
[EventType "team-swiss"]
[EventDate "2021.06.23"]

1. e4 {[%clk 01:30:55]} {[%emt 00:00:06]} c5 {[%clk 01:30:41]} {[%emt
00:00:17]} 2. d4 {[%clk 01:31:19]} {[%emt 00:00:06]} cxd4 {[%clk 01:31:05]}
{[%emt 00:00:06]} 3. c3 {[%clk 01:31:46]} {[%emt 00:00:05]} dxc3 {[%clk
01:31:10]} {[%emt 00:00:24]} 4. Nxc3 {[%clk 01:32:10]} {[%emt 00:00:05]} Nc6
{[%clk 01:31:18]} {[%emt 00:00:22]} 5. Nf3 {[%clk 01:32:34]} {[%emt 00:00:06]}
d6 {[%clk 01:31:22]} {[%emt 00:00:27]} 6. Bc4 {[%clk 01:32:53]} {[%emt
00:00:10]} a6 {[%clk 01:31:42]} {[%emt 00:00:12]} 7. O-O {[%clk 01:33:05]}
{[%emt 00:00:17]} Nf6 {[%clk 01:32:05]} {[%emt 00:00:06]} 8. Bf4 {[%clk
01:30:59]} {[%emt 00:02:38]} Bg4 {[%clk 01:32:23]} {[%emt 00:00:09]} 9. h3
{[%clk 01:30:06]} {[%emt 00:01:24]} Bxf3 {[%clk 01:32:18]} {[%emt 00:00:34]}
10. Qxf3 {[%clk 01:30:04]} {[%emt 00:00:34]} e6 {[%clk 01:32:04]} {[%emt
00:00:42]} 11. Rfd1 {[%clk 01:28:52]} {[%emt 00:01:42]} Qb8 {[%clk 01:32:25]}
{[%emt 00:00:09]} 12. Rac1 {[%clk 01:28:40]} {[%emt 00:00:42]} Be7 {[%clk
01:31:45]} {[%emt 00:01:11]} 13. g4 {[%clk 01:18:57]} {[%emt 00:10:13]} Nd7
{[%clk 01:18:23]} {[%emt 00:13:51]} 14. Qg3 {[%clk 01:14:35]} {[%emt 00:04:52]}
Nde5 {[%clk 01:17:31]} {[%emt 00:01:22]} 15. Be2 {[%clk 01:12:53]} {[%emt
00:02:12]} g5 {[%clk 01:14:49]} {[%emt 00:03:12]} 16. Be3 {[%clk 01:10:51]}
{[%emt 00:02:32]} b5 {[%clk 01:08:23]} {[%emt 00:06:56]} 17. b3 {[%clk
00:49:51]} {[%emt 00:21:30]} Qb7 {[%clk 01:03:19]} {[%emt 00:05:34]} 18. Bf1
{[%clk 00:42:20]} {[%emt 00:08:01]} Ng6 {[%clk 00:58:19]} {[%emt 00:05:30]} 19.
Ne2 {[%clk 00:38:25]} {[%emt 00:04:25]} h6 {[%clk 00:52:10]} {[%emt 00:06:38]}
20. Nd4 {[%clk 00:35:55]} {[%emt 00:03:00]} Nxd4 {[%clk 00:43:00]} {[%emt
00:09:42]} 21. Bxd4 {[%clk 00:36:10]} {[%emt 00:00:15]} O-O {[%clk 00:43:09]}
{[%emt 00:00:21]} 22. Bc3 {[%clk 00:15:31]} {[%emt 00:21:08]} Nf4 {[%clk
00:35:11]} {[%emt 00:08:27]} 23. Qe3 {[%clk 00:15:28]} {[%emt 00:00:34]} Rfc8
{[%clk 00:15:26]} {[%emt 00:20:16]} 24. Qd4 {[%clk 00:13:26]} {[%emt 00:02:31]}
e5 {[%clk 00:14:27]} {[%emt 00:01:29]} 25. Qe3 {[%clk 00:13:48]} {[%emt
00:00:08]} Rc6 {[%clk 00:14:50]} {[%emt 00:00:07]} 26. Bb2 {[%clk 00:06:59]}
{[%emt 00:07:19]} Rac8 {[%clk 00:14:24]} {[%emt 00:00:56]} 27. Rc3 {[%clk
00:04:42]} {[%emt 00:02:47]} Bd8 {[%clk 00:11:07]} {[%emt 00:03:47]} 28. Rdc1
{[%clk 00:04:23]} {[%emt 00:00:49]} Bb6 {[%clk 00:10:02]} {[%emt 00:01:35]} 29.
Qd2 {[%clk 00:04:04]} {[%emt 00:00:49]} Rxc3 {[%clk 00:08:51]} {[%emt
00:01:42]} 30. Rxc3 {[%clk 00:04:28]} {[%emt 00:00:05]} Rxc3 {[%clk 00:09:01]}
{[%emt 00:00:20]} 31. Bxc3 {[%clk 00:04:57]} Qc6 {[%clk 00:04:31]} {[%emt
00:05:00]} 32. Bb2 {[%clk 00:04:13]} {[%emt 00:01:14]} Ne6 {[%clk 00:04:04]}
{[%emt 00:00:57]} 33. Bg2 {[%clk 00:03:32]} {[%emt 00:01:11]} Bd4 {[%clk
00:04:15]} {[%emt 00:00:19]} 34. Ba3 {[%clk 00:02:18]} {[%emt 00:01:44]} Kf8
{[%clk 00:04:08]} {[%emt 00:00:37]} 35. Qc1 {[%clk 00:02:24]} {[%emt 00:00:25]}
Qxc1+ 36. Bxc1 {[%clk 00:02:53]} Ke7 {[%clk 00:03:23]} {[%emt 00:00:13]} 37.
Kf1 {[%clk 00:01:22]} {[%emt 00:02:01]} Kd7 {[%clk 00:03:24]} {[%emt 00:00:30]}
38. Ke2 {[%clk 00:01:29]} {[%emt 00:00:22]} Kc6 {[%clk 00:03:22]} {[%emt
00:00:32]} 39. f3 {[%clk 00:00:59]} {[%emt 00:01:00]} Kb6 {[%clk 00:01:19]}
{[%emt 00:02:33]} 40. Kd3 {[%clk 00:00:37]} {[%emt 00:00:52]} Bc5 {[%clk
00:00:43]} {[%emt 00:01:07]} 41. Bd2 {[%clk 00:25:48]} {[%emt 00:05:18]} Kc6
{[%clk 00:28:35]} {[%emt 00:02:38]} 42. Bc1 {[%clk 00:25:03]} {[%emt 00:01:15]}
Nc7 {[%clk 00:27:43]} {[%emt 00:01:22]} 43. Bb2 {[%clk 00:23:15]} {[%emt
00:02:17]} Kd7 {[%clk 00:27:22]} {[%emt 00:00:51]} 44. Bc3 {[%clk 00:22:48]}
{[%emt 00:00:57]} Bf2 {[%clk 00:26:56]} {[%emt 00:00:56]} 45. Ba5 {[%clk
00:20:02]} {[%emt 00:03:17]} Ne6 {[%clk 00:27:17]} {[%emt 00:00:09]} 46. Bd2
{[%clk 00:20:21]} {[%emt 00:00:11]} Kc6 {[%clk 00:27:29]} {[%emt 00:00:17]} 47.
Ke2 {[%clk 00:19:21]} {[%emt 00:01:50]} Bg3 {[%clk 00:26:47]} {[%emt 00:02:21]}
48. Bc1 {[%clk 00:18:40]} Bf4 {[%clk 00:26:47]} {[%emt 00:00:13]} 49. Bb2
{[%clk 00:18:48]} {[%emt 00:00:22]} d5 {[%clk 00:27:02]} {[%emt 00:00:15]} 50.
exd5+ {[%clk 00:16:27]} {[%emt 00:02:51]} Kxd5 {[%clk 00:27:26]} {[%emt
00:00:06]} 51. Kd3 {[%clk 00:16:19]} {[%emt 00:00:37]} a5 {[%clk 00:25:25]}
{[%emt 00:02:32]} 52. Bc3 {[%clk 00:14:50]} {[%emt 00:01:59]} b4 {[%clk
00:23:16]} {[%emt 00:02:39]} 53. Be1 {[%clk 00:12:15]} {[%emt 00:03:05]} Nc5+
{[%clk 00:20:26]} {[%emt 00:03:21]} 54. Kc2 {[%clk 00:12:02]} {[%emt 00:00:42]}
Kd4 {[%clk 00:20:18]} {[%emt 00:00:38]} 55. Bf2+ {[%clk 00:11:15]} {[%emt
00:01:17]} Be3 {[%clk 00:20:34]} {[%emt 00:00:15]} 56. Bg3 {[%clk 00:11:37]}
{[%emt 00:00:08]} Bg1 {[%clk 00:18:37]} {[%emt 00:02:27]} 57. Kd2 {[%clk
00:10:34]} {[%emt 00:02:03]} f6 {[%clk 00:17:25]} {[%emt 00:01:24]} 58. Be1
{[%clk 00:08:49]} {[%emt 00:02:02]} Nd3 {[%clk 00:16:51]} {[%emt 00:01:05]} 59.
Bg3 {[%clk 00:09:11]} {[%emt 00:00:07]} Be3+ {[%clk 00:17:02]} {[%emt
00:00:19]} 60. Kc2 {[%clk 00:09:01]} {[%emt 00:00:40]} Bf2 {[%clk 00:16:37]}
{[%emt 00:00:55]} 61. Bxf2+ {[%clk 00:08:41]} {[%emt 00:00:49]} Nxf2 {[%clk
00:17:02]} {[%emt 00:00:06]} 62. Kd2 {[%clk 00:07:59]} {[%emt 00:01:13]} e4
{[%clk 00:16:11]} {[%emt 00:01:20]} 63. Ke2 {[%clk 00:07:49]} {[%emt 00:00:40]}
e3 {[%clk 00:16:12]} {[%emt 00:00:30]} 64. Bf1 {[%clk 00:07:30]} {[%emt
00:00:48]} Nd3 {[%clk 00:16:29]} {[%emt 00:00:13]} 65. Kd1 {[%clk 00:07:49]}
{[%emt 00:00:11]} Nf4 {[%clk 00:16:15]} {[%emt 00:00:44]} 0-1